Представление документа в формате MARC21

Поле Инд. ПП Название Значение
Тип записи a
Библиографический уровень b
001 Контрольный номер RU/IS/BASE/102274200
005 Дата корректировки 20200601191520.4
084 a Индекс другой классификации/Индекс ББК 20.117; 38.761.22
100 10 a Автор Хантургаев Г. А.
100 1_ a Автор Ширеторова В. Г.
100 1_ a Автор Дорохов И. Н.
100 1_ a Автор Хантургаев Г. А.
100 1_ a Автор Хараев Г. И.
245 00 a Заглавие Гибкие водоочистные системы для промышленных предприятий
504 00 a Библиография Библиогр.: 16 назв.
650 a Основная рубрика санитарно-техническое строительство
a Основная рубрика строительство
a Основная рубрика экология
653 00 a Ключевые слова водоочистные системы
a Ключевые слова очистка сточных вод
a Ключевые слова очистные сооружения
a Ключевые слова промышленная экология
a Ключевые слова промышленное производство
a Ключевые слова экологические технологии
a Ключевые слова гидроэкология
773 00 t Заглавие источника Инженерная экология
d Дата издания источника 2000
g Прочая информация № 6. - С. 22 - 29 : 4 рис.
w Контрольный № источника RU/IS/BASE/102273259
901 t Тип документа b